| 000 | 00560nam a22001817a 4500 | ||
|---|---|---|---|
| 003 | BD-DhUL | ||
| 005 | 20190826162356.0 | ||
| 008 | 160327s1932 pk ||||| |||| 000 0 urd d | ||
| 040 |
_aBD-DhUL _cBD-DhUL |
||
| 082 |
_222 _a891.431 _bMAG |
||
| 100 | 1 | _aمحروم، منشی تلوک چند صلح | |
| 245 | 1 |
_aگنج معانی / _b _cمنشی تلوک چند صلح محروم۔ |
|
| 246 | _aGanz Ma'anī. | ||
| 260 |
_aلاہور : _bانارکلی، _c۱۹۳۲۔ |
||
| 300 |
_aص۔ ۵۴۷ ؛ _c۲۰ سم۔ |
||
| 650 | 4 | _aUrdu poetry | |
| 942 |
_2ddc _cBK |
||
| 999 |
_c249428 _d249428 |
||